000 00304nam a2200121Ia 4500
005 20251222152554.0
008 251222s9999||||xx |||||||||||||| ||spa||
082 _a658.01/F31/Ej.2
100 _aFayol, Henry
245 0 _aAdministración Industrial y General
264 _bUnivesitaria S.A
942 _cLIB
999 _c26352
_d26352